MARC

LEADER 00000nam0a2200000 4500
001 25935
005 20231030201233.0
010 |a 5247015150 
035 |a (RuTPU)RU\TPU\book\26173 
035 |a BOOK00000089 
090 |a 25935 
100 |a 20011209d1993 m y0rusy50 ca 
101 0 |a rus 
102 |a RU 
105 |a a j 000zy 
200 1 |a Основы гидравлики и промывочные жидкости  |e учебник  |f С. М. Башлык, Г. Т. Загибайло, А. В. Коваленко 
210 |a Москва  |c Недра  |d 1993 
215 |a 241 с.  |c ил. 
225 1 |a Среднетехническое образование 
610 1 |a гидравлика 
610 1 |a буровые скважины 
610 1 |a промывочная жидкость 
610 1 |a промывочные растворы 
610 1 |a гидродинамические исследования 
610 1 |a учебные пособия 
675 |a 622.24(075.8)  |v 3 
700 1 |a Башлык  |b С. М.  |g Станислав Модестович 
701 1 |a Загибайло  |b Г. Т.  |g Григорий Трифилиевич 
701 1 |a Коваленко  |b А. В.  |g Анатолий Васильевич 
801 0 |a RU  |b 63413507  |c 20011209  |g PSBO 
801 2 |a RU  |b 63413507  |c 20090713  |g PSBO 
942 |c BK